| Tag |
First Indicator |
Second Indicator |
Subfields |
| LEADER |
00000cam a2200000M 4500 |
| 001 |
in00002730021 |
| 005 |
20151202143544.0 |
| 008 |
050424s1998 enk 000 0 eng d |
| 015 |
|
|
|a GB99-52039
|
| 019 |
|
|
|a 41926636
|
| 020 |
|
|
|a 187058290X
|
| 020 |
|
|
|a 9781870582902
|
| 029 |
1 |
|
|a UNITY
|b 015540340
|
| 029 |
1 |
|
|a UKISL
|b 187058290x
|
| 029 |
1 |
|
|a UKLTH
|b 187058290x
|
| 029 |
1 |
|
|a UKBDF
|b 187058290X
|
| 029 |
1 |
|
|a UKWLI
|b 187058290X
|
| 029 |
1 |
|
|a BIRCL
|b 187058290X
|
| 035 |
|
|
|a (OCoLC)ocm59431625
|
| 035 |
|
|
|a (OCoLC)59431625
|
| 040 |
|
|
|a UKV3G
|c UKV3G
|d UKM
|d UMC
|d OCLCG
|d YDXCP
|d UtOrBLW
|
| 041 |
1 |
|
|a eng
|h ara
|
| 049 |
|
|
|a TXAM
|
| 050 |
|
4 |
|a BP130.4
|b .G425 1998
|
| 100 |
1 |
|
|a Ghazālī, Muḥammad,
|d 1917-
|
| 245 |
1 |
2 |
|a A journey through the Qur'an :
|b themes and messages of the holy Qur'an /
|c Muhammad Al-Ghazali ; abridged by Abdalhaqq Bewley.
|
| 264 |
|
1 |
|a London :
|b Dar Al Taqwa,
|c 1998.
|
| 300 |
|
|
|a v, 558 pages ;
|c 23 cm.
|
| 336 |
|
|
|a text
|b txt
|2 rdacontent
|
| 337 |
|
|
|a unmediated
|b n
|2 rdamedia
|
| 338 |
|
|
|a volume
|b nc
|2 rdacarrier
|
| 500 |
|
|
|a Spine subtitle:The content and context of the Suras.
|
| 630 |
0 |
0 |
|a Qurʼan
|v Commentaries.
|
| 938 |
|
|
|a YBP Library Services
|b YANK
|n 1893731
|
| 947 |
|
|
|a A14840469518
|
| 945 |
|
|
|a PromptCat
|b 612715
|
| 946 |
|
|
|a stk
|
| 994 |
|
|
|a 92
|b TXA
|
| 948 |
|
|
|a Cataloged
|b h
|c 2011/10/12
|d c
|e EGrant
|
| 999 |
|
|
|a MARS
|
| 999 |
f |
f |
|s 4b3a8660-dc6e-3fce-82f0-bc97e7ff29ff
|i 0fce19f9-812d-3810-b35e-aca95fdd2f1d
|t 0
|
| 952 |
f |
f |
|p normal
|a Texas A&M University
|b College Station
|c Sterling C. Evans Library
|d Evans: Library Stacks
|t 0
|e BP130.4 .G425 1998
|h Library of Congress classification
|i unmediated -- volume
|m A14840469518
|
| 998 |
f |
f |
|a BP130.4 .G425 1998
|t 0
|l Evans: Library Stacks
|